000 00906nam a22003017a 4500
003 CHAP
005 20220329135955.0
008 971013s1982 r 00010 d
010 _a44973
011 _a45945
035 _a50085
040 _cCHAP
082 _a323.3
_bU8
100 0 0 _aUtchenko, S. L.
_9117102
245 _aEstado y clases en las sociedades antiguas
260 _aMadrid :
_bAkal,
_c1982
300 _a176 p.
590 _aBATCH-UPD
_b10
_c20130110
_lUCH01
_h0926
590 _aBATCH-UPD
_b10
_c20130410
_lUCH01
_h0546
590 _aCONVERSION
_b10
_c20130109
_lUCH01
_h1325
650 1 4 _aClases sociales.
_923673
650 1 4 _aEstado, El.
_938240
650 1 4 _aHistoria
_955600
901 _aBK
942 _cLIBRO
949 _a323.3 U8
_bBC
_cLIBRO
_d33724000298162
_eLIBRO
_fc.2
_gI.c/e
_h64527
_i50085
_si
949 _a323.3 U8
_bBC
_cLIBRO
_d33724000298170
_eLIBRO
_gI.c/e
_h64526
_i50085
_si
999 _c44973
_d44973